[Event "Sachsen-ch U14"]
[Site "Sebnitz"]
[Date "2011.04.29"]
[Round "5"]
[White "Nguyen Dang, Huy Duc"]
[Black "Reich, Patrick"]
[Result "1-0"]
[WhiteElo "1576"]
[BlackElo "1203"]
[PlyCount "91"]
[EventDate "2011.04.26"]
[EventType "swiss"]
[EventRounds "7"]
[EventCountry "GER"]
[SourceTitle "EXT 2012"]
[Source "ChessBase"]
[SourceDate "2011.11.24"]
[SourceVersion "1"]
[SourceVersionDate "2011.11.24"]
[SourceQuality "1"]

1. e4 e5 2. Nf3 Nc6 3. Bc4 Bc5 4. c3 Nf6 5. d4 exd4 6. cxd4 Bb4+ 7. Nc3 d5 8. exd5 Nxd5 9. 0-0 Bxc3 10. bxc3 0-0 11. Qc2 Nce7 12. Bg5 h6 13. Bh4 Bg4 14. Bxd5 Qxd5 15. Bxe7 Rfe8 16. Bh4 Bxf3 17. gxf3 Qxf3 18. Rfe1 Rf8 19. Bg3 c6 20. Re3 Qg4 21. Qe2 Qg5 22. Re5 Qd8 23. f4 Qf6 24. Qe4 Rad8 25. Re1 Qd6 26. f5 Qa3 27. Qc2 Kh8 28. Qb3 Qa6 29. Re7 Rd5 30. R1e5 Rxe5 31. Bxe5 Kg8 32. Bg3 Qd3 33. Qxb7 Qxf5 34. Qd7 Qb1+ 35. Kg2 Qxa2+ 36. Kh3 Qb1 37. Re1 Qd3 38. Qxc6 Kh7 39. Qe4+ Qxe4 40. Rxe4 Rc8 41. Re3 Rc6 42. d5 Rc8 43. d6 Rd8 44. Re7 a5 45. d7 a4 46. Bc7 1-0

[Event "Sachsen-ch U14"]
[Site "Sebnitz"]
[Date "2011.04.29"]
[Round "6"]
[White "Reich, Patrick"]
[Black "Storch, Domenic"]
[Result "1-0"]
[WhiteElo "1203"]
[BlackElo "1303"]
[PlyCount "49"]
[EventDate "2011.04.26"]
[EventType "swiss"]
[EventRounds "7"]
[EventCountry "GER"]
[SourceTitle "EXT 2012"]
[Source "ChessBase"]
[SourceDate "2011.11.24"]
[SourceVersion "1"]
[SourceVersionDate "2011.11.24"]
[SourceQuality "1"]

1. e4 c5 2. Nf3 Nc6 3. d4 cxd4 4. Nxd4 Nf6 5. Nc3 e5 6. Nxc6 bxc6 7. Bc4 Bb4 8. Qf3 0-0 9. 0-0 Bb7 10. Bg5 Bxc3 11. bxc3 h6 12. Bh4 Re8 13. Rfe1 g5 14. Bg3 d5 15. Rad1 dxe4 16. Qf5 Nd5 17. Bxe5 Qc8 18. Qxe4 Nxc3 19. Bxf7+ Kf8 20. Qh7 Rxe5 21. Qg8+ Ke7 22. Rxe5+ Kf6 23. Re6+ Kf5 24. Qg6+ Kg4 25. Rd4+ 1-0